00581nam a2200157Ia 4500008004100000082001900041100002100060245004000081250000800121260004400129300001000173650004100183942001200224952017200236999001500408150201s2004 xx 000 0 und d a617.69bS2004C aCHICHE,GERARD J. aSMILE DESIGN: A GUIDE FOR CLINICIAN a1ST bQUINTESSENCE PUBLICATIONaCHICAGOc2004 a1-109 aCONSERVATIVE DENTISTRY & ENDODONTICS 2ddccBK 00102ddc4070aFDbFDd2009-11-12ePASSI PUBLICATION-DELHIg5805.00h1STiSGTUl2o617.69 S2004CpFD5993r2019-12-23 00:00:00s2019-12-23w2013-03-07yBKkAAACPO937E c4416d4416